Kreatívna trieda a kreatívne mestá. Teoretický koncept a jeho limity

Teoretický základ konceptu kreatívnych miest a kritická analýza jeho prínosu k teórii rozvoja miest. Prieskumová analýza miest na Slovensku ukázala, že nižšia miera urbanizácie, nízka miera migrácie, dominancie hlavného mesta a urbanizačné procesy poskytujú kontext, ktorý sa výrazne líši od predpokl...

Ausführliche Beschreibung

Gespeichert in:
Bibliographische Detailangaben
1. Verfasser: Rehák, Štefan, 1974-
Format: Buchkapitel
Sprache:Slowakisch
Schlagworte:
Tags: Tag hinzufügen
Keine Tags, Fügen Sie das erste Tag hinzu!

MARC

LEADER 00000naa a2200000 4500
001 0194297
005 20240502073243.5
041 0 |a slo 
044 |a SK 
245 1 0 |a Kreatívna trieda a kreatívne mestá. Teoretický koncept a jeho limity  |c Štefan Rehák 
520 |a Teoretický základ konceptu kreatívnych miest a kritická analýza jeho prínosu k teórii rozvoja miest. Prieskumová analýza miest na Slovensku ukázala, že nižšia miera urbanizácie, nízka miera migrácie, dominancie hlavného mesta a urbanizačné procesy poskytujú kontext, ktorý sa výrazne líši od predpokladov konceptu kreatívnych miest. 
610 2 0 |a Slovensko 
610 2 0 |a mestá 
610 2 0 |a urbanizácia 
610 2 0 |a rozvoj regionálny 
610 2 0 |a ekonomika priestorová 
610 2 0 |a ekonomika kreatívna 
610 2 0 |a rozvoj územný 
100 1 |a Rehák, Štefan, 1974-